Politics / (Record no. 1599)
[ view plain ]
| 000 -LEADER | |
|---|---|
| fixed length control field | 00984nac a22002411u 4500 |
| 008 - FIXED-LENGTH DATA ELEMENTS--GENERAL INFORMATION | |
| fixed length control field | 080923t1998 -us|||||r|||| 001 0 eng d |
| 010 ## - LIBRARY OF CONGRESS CONTROL NUMBER | |
| LC control number | 98215869 |
| 020 ## - INTERNATIONAL STANDARD BOOK NUMBER | |
| International Standard Book Number | 0192833936 |
| 020 ## - INTERNATIONAL STANDARD BOOK NUMBER | |
| International Standard Book Number | 9780192833938 |
| 082 00 - DEWEY DECIMAL CLASSIFICATION NUMBER | |
| Classification number | 320.011 |
| Item number | ARI |
| Edition number | 22 |
| 100 ## - MAIN ENTRY--PERSONAL NAME | |
| 9 (RLIN) | 1117 |
| Personal name | Aristotle |
| 245 10 - TITLE STATEMENT | |
| Title | Politics / |
| Statement of responsibility, etc | Aristotle ; translated by Ernest Barker; revised with an introduction and notes by R.F. Stalley. |
| 260 ## - PUBLICATION, DISTRIBUTION, ETC. (IMPRINT) | |
| Place of publication, distribution, etc | Oxford ; |
| -- | New York : |
| Name of publisher, distributor, etc | Oxford University Press, |
| Date of publication, distribution, etc | c1998. |
| 300 ## - PHYSICAL DESCRIPTION | |
| Extent | xlvii, 423 p. : |
| Other physical details | maps ; |
| Dimensions | 20 cm. |
| 490 1# - Series Statement | |
| Series statement | Oxford world's classics |
| 504 ## - BIBLIOGRAPHY, ETC. NOTE | |
| Bibliography, etc | Includes bibliographical references (p. [xli]-xliv) and index. |
| 650 #0 - SUBJECT ADDED ENTRY--TOPICAL TERM | |
| Topical term or geographic name as entry element | Political science |
| Chronological subdivision | Early works to 1800. |
| 9 (RLIN) | 33505 |
| 700 1# - ADDED ENTRY--PERSONAL NAME | |
| Personal name | Barker, Ernest, |
| Titles and other words associated with a name | Sir, |
| Dates associated with a name | 1874-1960. |
| 9 (RLIN) | 33506 |
| 700 1# - ADDED ENTRY--PERSONAL NAME | |
| Personal name | Stalley, R. F. |
| 9 (RLIN) | 33507 |
| 830 #0 - SERIES ADDED ENTRY--UNIFORM TITLE | |
| Uniform title | Oxford world's classics (Oxford University Press) |
| 9 (RLIN) | 33419 |
| 856 42 - ELECTRONIC LOCATION AND ACCESS | |
| Materials specified | Publisher description |
| Uniform Resource Identifier | <a href="http://www.loc.gov/catdir/enhancements/fy0605/98215869-d.html">http://www.loc.gov/catdir/enhancements/fy0605/98215869-d.html</a> |
| 942 ## - ADDED ENTRY ELEMENTS (KOHA) | |
| Item type | NB - Book (Non borrowing) |
| Call number prefix | 320.011ARI |
| Source of classification or shelving scheme | Dewey Decimal Classification |
| Withdrawn status | Item status | Source of classification or shelving scheme | Damaged status | Not for loan | Vendor | Home library | Current library | Shelving location | Date acquired | Source of acquisition | Total Checkouts | Total Renewals | Full call number | Barcode | Date last seen | Date last borrowed | Koha item type |
|---|---|---|---|---|---|---|---|---|---|---|---|---|---|---|---|---|---|
| Dewey Decimal Classification | Central Library | Central Library | First floor | 06/11/2007 | 16 | 27 | 320.011 ARI | 000002745 | 02/04/2026 | 13/11/2025 | Book - Borrowing | ||||||
| Dewey Decimal Classification | Central Library | Central Library | First floor | 06/11/2008 | 7 | 10 | 320.011 ARI | 000002744 | 10/02/2026 | 21/11/2016 | Book - Borrowing | ||||||
| Dewey Decimal Classification | Central Library | Central Library | First floor | 15/05/2011 | 2 | 320.011 ARI | 000002743 | 15/07/2025 | 01/10/2013 | NB - Book (Non borrowing) |